Références de télé-réalité - Statistiques

Statistiques générales
  • Ce quiz a été pris 2 174 fois
  • Le résultat moyen est 12 sur 20
Statistiques - réponses
Hint Réponse % Correct
"Il faut sacher qu'il s'est pris de râteaux phénoménales par Nabilla. BIEN SUR QUE OUI! Amélie Neten
90%
"On dirait Boustiflor des Pokémons !" Jessica Thivenin
80%
"Nicky Minaj ! En vrai de vrai !" Sarah Fraisou
80%
"STOP THE CAR" Hillary
77%
"Pour un garçon, ce serait HISTORY, et pour une fille HISTORY" Eddy
75%
"Et puis je me le pète. A donf je me la pète. A donf." Fred
75%
"Pourquoi tu me laisserais pas une seizième chance ?" Greg Yega
75%
"T'es dans le monde de la musique toi ?" Sarah Van Elst
68%
"Est-ce que je suis arrivé comme un TANK?" Sarah Fraisou
67%
"Maman c'est duuuuur !" Illan
66%
"Lui c'est peut-être un charo, c'est peut-être un niqueur de gonzesses, il trompe ses meufs, ok, mais au fond c'est un mec vrai." Sebby Daddy
64%
"J'ai envie de crier va te faire foutre" "VA TE FAIRE FOUTRE" Cassandra Jullia
61%
"Mais tu es qui toi Nahuda ?" Fabrice
60%
"Je suis un pur produit du sud." Beverly
56%
"Mais j'aime pas les cheveux courts, ça casse tout le glamour !" Marie Garet
56%
"La honte de ma vie, DEVANT TOUT LE MONDE !" Alix
51%
"C'est ça d'être un acteur. C'est de jouer quelque chose de faux." Milla Jasmine
25%
"Y'a personne qui rigole. Jessica elle rigole pas..." Nikola Lozina
23%
"Tu sais ce que t'es toi ? T'es une grosse complexée !" Celine
22%
"Tu ressembles à Bogdanoff !" Maeva Ghennam
20%
Aucun quiz correspondant
Distribution des résultats
% des personnes avec chaque résultat
Percentile par nombre de réponses
Votre historique - résultats
Vous n’avez pas pris ce quiz